000 00537nam a2200169Ia 4500
008 230917s9999||||xx |||||||||||||| ||und||
020 _cRS150
040 _e227819
_aMAIN
041 _aEnglish
082 _a891.43274108 MK264K
100 _aमधकान्त
245 0 _aकन्या भूण का शाप
260 _aनई दिल्लीi
_bनवशिला प्रकाशन
_c2009
300 _a111 पृ. p.
500 _a2094 26/08/2015 HBD15/613 27/08/2015 Centre for Haryana Studies
942 _cBK
999 _c15821
_d15821